1898 1204 1786 1015 1489 1416 1538 1649 1981 1975 1251 1941 1571 1426 1240 1169 1220 1339 1605 1060 1197 1066 1961 1831 1084 1372 1777 1719 1244 1724 1712 1623 1266 1939 1316 1965 1476 1249 1747 1377 1885 1166 1061 1007 1030 1791 1624 1675 1375 1762 1612 1205 1757 1524 1534 1334 1651 1078 1386 1018 1819 1158 1222 1333 1445 1289 1821 1144 1950 1081 1570 1902 1916 1934 1066 1718 1760 1327 1709 1579 1755 1211 1363 1152 1023 1797 1649 1815 1678 1867 1699 1629 1461 1440 1617 1324 1888 1947 1891 BCNSPRNW ULIB Ver.6.0+V

เปลี่ยนเป็นภาษาไทย

Change to English
 แสดงรายละเอียดบรรณานุกรม
  กลับหน้าหลัก

Brief Record : Get Marc (ISO 2709) : E-mail record : QR code < ปิดหน้าต่าง
LEADER : 00000nam 2200000uu 4500
001    13399109471
003     ULIB
008    110403s2553||||th 000 0 tha d
020    9786165510790
060 04 WB115^bว582C 2553
100 0  วิทยา ศรีดามา
245 00 Clinical practice guideline 2010 /^cวิทยา ศรีดามา,บรรณาธิการ
250    พิมพ์ครั้งที่ 1
260    กรุงเทพฯ :^bภาควิชาอายุรศาสตร์ คณะแพทยศาสตร์จุฬาลงกรณ์มหาวิทยาลัย,^c2553
300    348, [9] หน้า ;^c26 ซม.
650  0 Clinical medicine^xStandards
650  0 Medicine Practice^xStandards
650  0 Therapeutics
650  0 Family practice^xGuideline
700 0  วิทยา ศรีดามา,^eบรรณาธิการ
710 2  จุฬาลงกรณ์มหาวิทยาลัย. ^bคณะแพทยศาสตร์.^bภาควิชาอายุรศาสตร์
945    ^p300^l0^i028147
945    ^p300^l0^i028146
945    ^p300^l0^i027215
945    ^p300^l0^i027214
945    ^p300^l0^i027213
945    ^p300^l0^i027212
945    ^p300^l0^i028145
945    ^p300^l0^i030456
945    ^p300^l0^i030457
995    ทศพร
999 ^a ใช้งานได้ทุกระบบ
รายการนี้ยังไม่มีแท็ก
คุณยังไม่ได้ล็อกอิน คุณสามารถมีกิจกรรมร่วมกับเว็บไซต์ได้ แต่ต้องล็อกอินก่อน ::
  ล็อกอิน

รายการสื่อสารสนเทศ

ลำดับที่ ประเภท เลขเรียก/บาร์โค้ด สถานที่ สถานะ
1. วิทยาศาสตร์การแพทย์ และสุขภาพ
หนังสือสำรอง
สถานะ=หนังสือสำรอง
WB115 ว582C 2553 ฉ.1 
  Barcode: 027212
ห้องสมุดวิทยาเขตสวรรค์ประชารักษ์
►ส่วนจัดเก็บหนังสือเก่า สปร
บนชั้น
  ขอยืม
2. วิทยาศาสตร์การแพทย์ และสุขภาพ
วิทยาศาสตร์การแพทย์ และสุขภาพ
WB115 ว582C 2553 ฉ.2 
  Barcode: 027213
ห้องสมุดวิทยาเขตสวรรค์ประชารักษ์
►ส่วนจัดเก็บหนังสือเก่า สปร
บนชั้น
  ขอยืม
3. วิทยาศาสตร์การแพทย์ และสุขภาพ
วิทยาศาสตร์การแพทย์ และสุขภาพ
WB115 ว582C 2553 ฉ.3 
  Barcode: 027214
ห้องสมุดวิทยาเขตสวรรค์ประชารักษ์
►ส่วนจัดเก็บหนังสือเก่า สปร
บนชั้น
  ขอยืม
4. วิทยาศาสตร์การแพทย์ และสุขภาพ
วิทยาศาสตร์การแพทย์ และสุขภาพ
WB115 ว582C 2553 ฉ.4 
  Barcode: 027215
ห้องสมุดวิทยาเขตสวรรค์ประชารักษ์
►ส่วนจัดเก็บหนังสือเก่า สปร
บนชั้น
  ขอยืม
5. วิทยาศาสตร์การแพทย์ และสุขภาพ
วิทยาศาสตร์การแพทย์ และสุขภาพ
WB115 ว582C 2553 ฉ.5 
  Barcode: 028145
ห้องสมุดวิทยาเขตสวรรค์ประชารักษ์
►ส่วนจัดเก็บหนังสือเก่า สปร
บนชั้น
  ขอยืม
6. วิทยาศาสตร์การแพทย์ และสุขภาพ
วิทยาศาสตร์การแพทย์ และสุขภาพ
WB115 ว582C 2553 ฉ.6 
  Barcode: 028146
ห้องสมุดวิทยาเขตสวรรค์ประชารักษ์
►ส่วนจัดเก็บหนังสือเก่า สปร
บนชั้น
  ขอยืม
7. วิทยาศาสตร์การแพทย์ และสุขภาพ
วิทยาศาสตร์การแพทย์ และสุขภาพ
WB115 ว582C 2553 ฉ.7 
  Barcode: 028147
ห้องสมุดวิทยาเขตสวรรค์ประชารักษ์
►ส่วนจัดเก็บหนังสือเก่า สปร
บนชั้น
  ขอยืม
8. วิทยาศาสตร์การแพทย์ และสุขภาพ
วิทยาศาสตร์การแพทย์ และสุขภาพ
WB115 ว582C 2553 ฉ.8 
  Barcode: 030456
ห้องสมุดวิทยาเขตสวรรค์ประชารักษ์
►ส่วนจัดเก็บหนังสือเก่า สปร
บนชั้น
  ขอยืม
9. วิทยาศาสตร์การแพทย์ และสุขภาพ
วิทยาศาสตร์การแพทย์ และสุขภาพ
WB115 ว582C 2553 ฉ.9 
  Barcode: 030457
ห้องสมุดวิทยาเขตสวรรค์ประชารักษ์
►ส่วนจัดเก็บหนังสือเก่า สปร
บนชั้น
  ขอยืม

รายการใกล้เคียง
    ผู้แต่ง [วิทยา ศรีดามา]

    หัวเรื่อง [Therapeutics]

BibComment


ยังไม่เคยถูกคอมเมนท์

คอมเมนท์ทรัพยากรรายการนี้
  คอมเมนท์: Clinical practice..


 Copyright 2026. Bcnsprnw @Library